00834nam a2200241 a 450000100060000000300080000600500170001400800410003103500190007204000420009104100080013308200250014124500840016626000410025030000250029150000190031665100450033565100330038070000250041394200120043899900170045095201250046745569BD-RjUL20211209054032.0160727s1953 enk 001 0 eng d a(BD-RjUL)45687 aDLCcEXKdOCLdUKMdEQOdBD-RjULbeng aeng a330.95223bECO 195310aEconomic problems of underdeveloped countries in Asia /cedited by, B. K. Madan aNew York :bRussell & Russell,c1953 aiv, 290 p. ;c26 cm. aIncludes Index 0aAsiaxEconomic conditionsy1918-9139494 0aDeveloping countries9139495 aMadan, B. K.9139496 2ddccBK c45569d45569 00102ddc40708NFICaRUCLbRUCLcStackd1985-10-06eGiftl0o330.95 ECO 1953r2016-07-27 00:00:00tC-2w2016-07-27yBK